banner koha

Organizacao administrativa da exploracao de gado de corte (Registro n. 319552)

MARC details
000 -LÍDER
campo de controle de tamanho fixo 01226naa a22002897a 4500
001 - NÚMERO DE CONTROLE
campo de controle BR8804547
003 - IDENTIFICADOR DO NÚMERO DE CONTROLE
campo de controle BR-BrBNA
005 - DATA E HORÁRIO DA ÚLTIMA TRANSAÇÃO
campo de controle 20240918180257.0
007 - CAMPO FIXO DE DESCRIÇÃO FÍSICA--INFORMAÇÃO GERAL
campo de controle de tamanho fixo ta
008 - CAMPO DE DADOS FIXOS--INFORMAÇÃO GERAL
campo de controle de tamanho fixo 230509b bl.||||| |||| 00| 0 por d
040 ## - FONTE DA CATALOGAÇÃO
Instituição da catalogação original BR-BrBNA
Idioma da catalogação por
Instituição que transcreveu o registro Biblioteca Nacional de Agricultura
041 ## - CÓDIGO DE IDIOMA
Código do idioma do texto/trilha sonora ou título diferente (Pt)
072 ## - CÓDIGO DE CATEGORIA DE ASSUNTO
Código de Categoria de Assunto E20
Código do objeto 5213
090 ## - NÚMERO DE CHAMADA LOCAL
Número de chamada E20 BR8804547
100 1# - ENTRADA PRINCIPAL--NOME PESSOAL
Nome pessoal Bemelmans, P.F.
111 1# - ENTRADA PRINCIPAL--NOME DO EVENTO
Nome do evento ou lugar 3. Simposio sobre Pecuaria de Corte
Local do evento Piracicaba, SP (Brazil)
Data do evento ou assinatura do tratado 8-10 Nov 1983
245 1# - TÍTULO
Título Organizacao administrativa da exploracao de gado de corte
260 3# - PUBLICAÇÃO, DISTRIBUIÇÃO, ETC.
Local de publicação, distribuição, etc. Campinas, SP (Brasil):
Data da publicação, distribuição, etc. 1983.
500 ## - NOTA GERAL
Nota geral Peixoto, A.M.; Moura, J.C. de; Faria, V.P. de (eds.)<br/>Anais do 3. Simposio sobre Pecuaria de Corte<br/>Campinas, SP (Brasil): 1983. p. 33-51<br/>(BR8804547-AM)E20<br/>
650 ## - ASSUNTO--TERMO TÓPICO
Cabeçalho tópico ou nome geográfico GADO DE CORTE
650 ## - ASSUNTO--TERMO TÓPICO
Cabeçalho tópico ou nome geográfico FAZENDA
650 ## - ASSUNTO--TERMO TÓPICO
Cabeçalho tópico ou nome geográfico EXPLORACAO AGRICOLA
650 ## - ASSUNTO--TERMO TÓPICO
Cabeçalho tópico ou nome geográfico CONTABILIDADE
773 0# - ENTRADA ANALÍTICA
Título Anais do 3. Simposio sobre Pecuaria de Corte
Entrada principal Peixoto, A.M.; Moura, J.C. de; Faria, V.P. de (eds.). Escola Superior de Agricultura Luiz de Queiroz, Piracicaba, SP (Brasil);Fundacao Cargill, Campinas, SP (Brasil)
Número de controle do registro E20 BR8804547
Partes relacionadas Campinas, SP (Brasil), 1983. p. 33-51
909 ## -
-- 202404
-- Lucia
-- 55
-- Lucia Elande
942 ## - ELEMENTOS DE ENTRADA ADICIONADOS (KOHA)
Tipo de material Koha Capítulo-Livro
Fonte da classificação ou esquema de arquivamento na estante Classificação AGRIS
Exemplares
Situação do descarte Fonte da classificação ou esquema de arquivamento na estante Situação física Não pode ser emprestado Coleção Biblioteca de origem Biblioteca atual Localização na estante Total de empréstimos Número de telefone completo Data de último acesso Número do exemplar Tipo de material Koha Situação das perdas Data de aquisição Fonte de aquisição
  Classificação AGRIS       Biblioteca Nacional de Agricultura - Binagri Biblioteca Nacional de Agricultura - Binagri Agrobase - Acervo Geral   5214 BR9702706 20/05/2024 01 Capítulo-Livro   2024-04-11 Portaria Interministerial nº 164/94

BINAGRI

Telefone: (61)3218-2567/2388/3357/2097 - binagri@agro.gov.br

Ministério da Agricultura e Pecuária , Esplanada dos Ministérios, Bloco D, Anexo B, Brasília/DF, CEP: 70.043-900